| 000 | 00853cab a2200241 4500 | ||
|---|---|---|---|
| 001 | WB2912-42 | ||
| 008 | 090401t1993 xxu||||| |||| 00| 0 eng d | ||
| 035 | _a(Sirsi) u14986 | ||
| 041 | _aeng | ||
| 245 | _aBuilding society rents | ||
| 260 | _c1993 | ||
| 350 | _a0 | ||
| 490 |
_aFinancial Times _v26 March 1993, 12(1) |
||
| 520 | _aNorthern Rock Building Society is faced with demands for unpaid rent on business premises occupied by the estate agency chain that went into liquidation after the building society sold it. The claim is based on Section 22 of the Building Societies Act 1986. | ||
| 650 | _aBUILDING SOCIETIES ACT 1986 | ||
| 650 | _aBUILDING SOCIETIES | ||
| 650 | _aESTATE AGENCY CHAINS | ||
| 650 | _aESTATE AGENTS | ||
| 650 | _aRENTS | ||
| 690 | _aLANDLORD AND TENANT-BUSINESS TENANCIES | ||
| 942 | _n0 | ||
| 948 | _c04/03/1997 | ||
| 999 |
_c9785 _d9785 |
||